000 00390pab a2200157 454500
008 180718b2011 xxu||||| |||| 00| 0 eng d
100 _aTukel, Oya I.
245 _aKnowledge-salvage practices for dormant R&D projects
260 _c2011
300 _ap.59-71.
362 _aFeb
650 _aProject management
773 _aProject Management Journal
908 _aN
909 _a92359
999 _c92359
_d92359